Statistics for NBA Nations of Foreign Born Players

Click here to take the quiz!

General Stats

  • This quiz has been taken 56 times
  • The average score is 31 of 42

Answer Stats

Player(s)Nation% Correct
Kyrie Irving/Ben Simmons/Josh GiddeyAustralia
95%
Franz Wagner/Maxi Kleber/Dennis SchröderGermany
95%
Luka Dončić/Goran DragićSlovenia
95%
Andrew Wiggins/Shai Gilgeous-Alexander/RJ BarrettCanada
93%
Rudy Gobert/Evan FournierFrance
93%
Giannis AntetokounmpoGreece
93%
Rui Hachimura/Yuta WatanabeJapan
93%
Nikola Jokic/Aleksej PokuševskiSerbia
93%
Ricky Rubio/Juancho HernangómezSpain
93%
Lauri MarkkanenFinland
90%
Danilo Gallinari/Reggie JacksonItaly
90%
Steven AdamsNew Zealand
90%
Raul NetoBrazil
88%
Dario Šarić/Luka ŠamanićCroatia
88%
Alperen Şengün/Furkan KorkmazTürkiye
88%
O.G. Anunoby/Admiral SchofieldUnited Kingdom
88%
Jonas ValančiūnasLithuania
83%
Jusuf NurkicBosnia and Herzegovina
80%
Joel Embiid/Pascal SiakamCameroon
80%
Udoka Azubuike/Josh OkogieNigeria
80%
Jonathan Kuminga/Bismack BiyomboDemocratic Republic of the Congo
78%
Neemias QuetaPortugal
78%
Clint Capela/Nikola VučevićSwitzerland
78%
Al Horford/Chris DuarteDominican Republic
76%
Serge IbakaRepublic of the Congo
76%
Kristaps Porziņģis/Dāvis BertānsLatvia
73%
Bol BolSudan
73%
Alex Len/Sviatoslav MykhailiukUkraine
71%
Jakob PoeltlAustria
68%
Deni AvdijaIsrael
66%
Deandre Ayton/Buddy HieldBahamas
63%
Gorgui DiengSenegal
61%
Frank NtilikinaBelgium
59%
Goga BitadzeGeorgia
56%
Nick RichardsJamaica
56%
Marko SimonovićMontenegro
56%
Cedi OsmanNorth Macedonia
49%
Bruno FernandoAngola
46%
Mamadi DiakiteGuinea
37%
Chris SilvaGabon
32%
Ömer YurtsevenUzbekistan
29%
Chris BoucherSaint Lucia
27%

Score Distribution

Percentile by Number Answered

Percent of People with Each Score

Your Score History

You have not taken this quiz